000 00736cam a2200193 4500
001 X103554
008 000000n2000 000 0 eng u
035 _a(Sirsi) u103554
245 _aLiverpool CC v Rosemary Chavasse Ltd
260 _c2000
490 _aNew Property Cases
_v [1999] NPC 115
520 _aLocal Government Act 1972. Power of officials to bind council by entering into a contract for the sale of land. Authority conferred by resolution of subcommittee. TAKEN FROM JOURNAL HEADNOTE. NO PHOTOCOPYING ALLOWED.
650 _aLIVERPOOL CC V ROSEMARY CHAVASSE LTD
650 _aLOCAL GOVERNMENT ACT 1972
650 _aCONVEYANCING
650 _aSALE OF LAND
690 _aPROPERTY-PROPERTY DEVELOPMENT
942 _n0
999 _c62203
_d62203